000
00239nam a2200097Ia 4500
001
1250539
005
20251031150858.0
008
251031s9999 xx 000 0 und d
245
0
_c
ÇAĞLAR ÇETOK
_a
B-1 KARAOVA
260
_b
DESTEK YAYINLARI
999
_c
1250539
_d
1250539